Wszystkie mecze Adama Nawałki jako selekcjonera reprezentacji Polski - Statystyki

Ogólne statystyki
  • Ten quiz został rozwiązany 249 razy
  • Średni wynik to 44 z 50
Statystyki odpowiedzi
Data Miasto Wynik Rozgrywki Przeciwnik % Poprawnych
30.06.2016 Marsylia 1:1 (k. 3:5) EURO 2016 Portugalia
99%
19.11.2013 Poznań 0:0 mecz towarzyski Irlandia
98%
29.03.2015 Dublin 1:1 eliminacje EURO 2016 Irlandia
98%
11.10.2015 Warszawa 2:1 eliminacje EURO 2016 Irlandia
98%
13.05.2014 Hamburg 0:0 mecz towarzyski Niemcy
98%
11.10.2014 Warszawa 2:0 eliminacje EURO 2016 Niemcy
98%
4.09.2015 Frankfurt 1:3 eliminacje EURO 2016 Niemcy
98%
16.06.2016 Saint-Denis 0:0 EURO 2016 Niemcy
98%
18.11.2014 Wrocław 2:2 mecz towarzyski Szwajcaria
98%
25.05.2016 Saint-Etienne 1:1 (k. 5:4) EURO 2016 Szwajcaria
98%
28.06.2018 Wołgograd 1:0 MŚ 2018 Japonia
97%
19.06.2018 Moskwa 1:2 MŚ 2018 Senegal
97%
21.06.2016 Marsylia 1:0 EURO 2016 Ukraina
97%
24.06.2018 Kazań 0:3 MŚ 2018 Kolumbia
96%
8.10.2016 Warszawa 3:2 eliminacje MŚ 2018 Dania
95%
1.09.2017 Kopenhaga 0:4 eliminacje MŚ 2018 Dania
95%
14.11.2014 Tbilisi 4:0 eliminacje EURO 2016 Gruzja
95%
13.06.2015 Warszawa 4:0 eliminacje EURO 2016 Gruzja
95%
12.06.2016 Nicea 1:0 EURO 2016 Irlandia Północna
94%
6.06.2014 Gdańsk 2:1 mecz towarzyski Litwa
94%
6.06.2016 Kraków 0:0 mecz towarzyski Litwa
94%
12.06.2018 Warszawa 4:0 mecz towarzyski Litwa
94%
5.03.2014 Warszawa 0:1 mecz towarzyski Szkocja
94%
14.10.2014 Warszawa 2:2 eliminacje EURO 2016 Szkocja
94%
8.10.2015 Glasgow 2:2 eliminacje EURO 2016 Szkocja
94%
11.11.2016 Bukareszt 3:0 eliminacje MŚ 2018 Rumunia
92%
10.06.2017 Warszawa 3:1 eliminacje MŚ 2018 Rumunia
92%
26.03.2017 Podgorica 2:1 eliminacje MŚ 2018 Czarnogóra
91%
8.10.2017 Warszawa 4:2 eliminacje MŚ 2018 Czarnogóra
91%
7.09.2014 Faro 7:0 eliminacje EURO 2016 Gibraltar
91%
7.09.2015 Warszawa 8:1 eliminacje EURO 2016 Gibraltar
91%
4.09.2016 Astana 2:2 eliminacje MŚ 2018 Kazachstan
91%
4.09.2017 Warszawa 3:0 eliminacje MŚ 2018 Kazachstan
91%
15.11.2013 Wrocław 0:2 mecz towarzyski Słowacja
91%
11.10.2016 Warszawa 2:1 eliminacje MŚ 2018 Armenia
88%
5.10.2017 Erywań 6:1 eliminacje MŚ 2018 Armenia
88%
26.03.2016 Wrocław 5:0 mecz towarzyski Finlandia
84%
14.11.2016 Wrocław 1:1 mecz towarzyski Słowenia
81%
8.06.2018 Poznań 2:2 mecz towarzyski Chile
80%
27.03.2018 Chorzów 3:2 mecz towarzyski Korea Południowa
79%
1.06.2016 Gdańsk 1:2 mecz towarzyski Holandia
78%
17.11.2015 Wrocław 3:1 mecz towarzyski Czechy
77%
16.06.2015 Gdańsk 0:0 mecz towarzyski Grecja
73%
13.11.2015 Warszawa 4:2 mecz towarzyski Islandia
73%
18.01.2014 Abu Zabi 3:0 mecz towarzyski Norwegia
72%
23.03.2016 Poznań 1:0 mecz towarzyski Serbia
69%
13.11.2017 Gdańsk 0:1 mecz towarzyski Meksyk
64%
20.01.2014 Abu Zabi 1:0 mecz towarzyski Mołdawia
64%
23.03.2018 Wrocław 0:1 mecz towarzyski Nigeria
64%
10.11.2017 Warszawa 0:0 mecz towarzyski Urugwaj
62%
Nie znaleziono quizów pasujących do podanych kryteriów
Rozkład punktacji
Procent ludzi z każdym wynikiem
Percentyl według liczby udzielonych odpowiedzi
Twoja historia wyników
Nie rozwiązałeś tego quizu